| 000 | 00790cam a22002292 4500 | ||
|---|---|---|---|
| 001 | 0000004541 | ||
| 005 | 20151217145816.0 | ||
| 008 | 070524s xx 000 0 eng d | ||
| 020 | _a0742504387 | ||
| 040 |
_aKABU _cKABU |
||
| 050 | 0 |
_aQH75 _b.R87 |
|
| 100 | 1 |
_aRussell, Diane. _@0000155146 |
|
| 245 | 1 | 0 |
_aGroundwork for community-based conservation : _bstrategies for social research / _cDiane Russell and Camilla Harshbarger. |
| 260 |
_aWalnut Creek, CA : _bAltamira Press, _c2002. |
||
| 300 | _aix, 322 p. | ||
| 650 | 0 |
_aNature conservation _xSocial aspects _xResearch. _@0000155147 |
|
| 700 | 1 |
_aHarshbarger, Camilla. _@0000155148 |
|
| 852 | 1 | _9p3510 KES | |
| 908 | _a070524 | ||
| 950 | _@1 | ||
| 999 |
_c2771 _d2771 |
||